[Event "It (open) \"]
[Site "masterchessopen.com - Moscow (Russia)"]
[Date "2005.02.22"]
[Round "8"]
[White "Tregubov Pavel V (RUS)"]
[Black "Efimenko Zahar (UKR)"]
[Result "1-0"]
[WhiteElo "2583"]
[BlackElo "2637"]

{ Efimenko Zahar (UKR) +0 =0 -1 } 1.d4 Nf6 2.c4 e6 3.Nf3 c5 4.d5 exd5 5.cxd5
d6 6.Nc3 g6 7.Nd2 Bg7 8.e4 O-O 9.Be2 Re8 10.O-O Na6 11.Kh1 Nc7 ( 11...Rb8
12.f3 Nc7 13.a4 b6 14.Nc4 Ba6 15.Bg5 Qd7 16.b3 Nh5 17.Rc1 f6 18.Be3 f5 19.g4
Bxc4 20.bxc4 fxg4 21.fxg4 Nf6 22.Bf3 Qe7 23.Bg5 h6 24.Bh4 g5 25.Be1 Rf8 26.Bg2
Nd7 27.Rxf8+ Rxf8 28.Ne2 Be5 29.Qd3 Ne8 30.Bd2 Qg7 31.Rf1 Rxf1+ 32.Bxf1 Qf7
33.Kg2 Nef6 34.h3 Qg6 35.Nc3 Bxc3 36.Bxc3 Qxe4+ 37.Qxe4 Nxe4 38.Be1 Ne5 39.Be2
Kf7 40.Bf3 Nf6 41.Be2 Ng6 42.Bf1 h5 43.gxh5 Nxh5 44.Kf3 Ne5+ 45.Ke4 Kg6 46.Be2
Nf6+ 47.Ke3 Kf5 48.Bc3 a6 49.Be1 g4 50.hxg4+ Nfxg4+ 51.Kd2 { ...0-1, Portisch
Lajos 2625 - Nunn John D M 2565 , London 1982 It (cat.14) } ) 12.a4 b6 (
12...Rb8 13.f4 a6 14.a5 Bd7 15.Bf3 Nb5 16.e5 dxe5 17.fxe5 Rxe5 18.Nc4 Rf5
19.Ne3 Rf4 20.Ne2 Rh4 21.g3 Re4 22.Bxe4 Nxe4 23.Nf4 Nd4 24.Kg2 Qe7 25.Re1 h5
26.Ra3 Re8 27.Ne2 Bh3+ 28.Kxh3 Ng5+ { 0-1, Ufimtsev Anatoly - Tal Mikhail 2650
, Moscow 1967 It "Central Chess Club" } ) 13.f3 Nd7 { ?/= } ( 13...Rb8 14.Nc4
Ba6 15.Bg5 Qd7 16.b3 Nh5 17.Rc1 f6 18.Be3 f5 19.g4 Bxc4 20.bxc4 fxg4 21.fxg4
Nf6 22.Bf3 Qe7 23.Bg5 h6 24.Bh4 g5 25.Be1 Rf8 26.Bg2 Nd7 27.Rxf8+ Rxf8 28.Ne2
Be5 29.Qd3 Ne8 30.Bd2 Qg7 31.Rf1 Rxf1+ 32.Bxf1 Qf7 33.Kg2 Nef6 34.h3 Qg6
35.Nc3 Bxc3 36.Bxc3 Qxe4+ 37.Qxe4 Nxe4 38.Be1 Ne5 39.Be2 Kf7 40.Bf3 Nf6 41.Be2
Ng6 42.Bf1 h5 43.gxh5 Nxh5 44.Kf3 Ne5+ 45.Ke4 Kg6 46.Be2 Nf6+ 47.Ke3 Kf5
48.Bc3 a6 49.Be1 g4 50.hxg4+ Nfxg4+ 51.Kd2 Ke4 52.Kc3 Ke3 53.Bd1 { ...0-1,
Portisch Lajos 2625 - Nunn John D M 2565 , London 1982 It (cat.14) } ) 14.Nb5
{ N } ( 14.Nc4 Ne5 ( 14...Qe7 15.Bf4 Ne5 16.Nxe5 Bxe5 { +0.68 CAP } ) 15.Ne3
f5 ( 15...Rb8 16.f4 Nd7 17.e5 dxe5 18.f5 Nf6 19.d6 Na6 20.Ned5 Nxd5 21.Qxd5
gxf5 22.d7 Bxd7 23.Bxa6 Be6 24.Qxd8 Rbxd8 25.Bb5 Re7 26.g3 Rd6 27.Bg5 f6
28.Be3 Bc8 29.Kg1 f4 30.gxf4 Bh6 31.Bc4+ Kh8 32.Rad1 Rdd7 33.Rxd7 Rxd7 34.Rd1
exf4 35.Rxd7 Bxd7 36.Bd2 Kg7 37.Bb5 Be6 38.Ne2 f3 39.Bxh6+ Kxh6 40.Nf4 Bb3
41.h4 Kg7 42.Kf2 Bd1 43.Nd5 Kg6 44.Nc3 Bb3 45.Kxf3 Kf5 46.Bd3+ { 1-0, Korobov
Anton 2572 - Oleksienko Mikhailo 2454 , Kharkov 29. 8.2004 Ch Ukraine } )
16.f4 Nf7 17.exf5 gxf5 18.Bd3 Nh6 19.Qc2 Qf6 20.Bd2 Bd7 21.Rf3 Kh8 22.Raf1 Re7
23.Rh3 Qf7 24.Nc4 Qg6 25.Rg3 Ng4 26.h3 h5 27.Ne3 Nxe3 28.Rxg6 Nxc2 29.Bxc2 Ne8
30.Rg5 Nf6 31.Bxf5 Bxf5 32.Rxf5 Rae8 33.Kh2 Kh7 34.Kg3 a6 35.Kh4 Kg6 36.g4
hxg4 37.hxg4 b5 38.axb5 axb5 39.Rg5+ Kf7 40.Nxb5 Rh8+ 41.Rh5 Nxh5 42.Nxd6+ Kf8
43.gxh5 Bf6+ 44.Kg4 Rg7+ 45.Kf5 Bxb2 46.Rh1 Rd7 47.Ke6 Re7+ 48.Kf5 Rd7 49.Be3
Bd4 50.Bxd4 cxd4 51.Ke5 d3 52.Nf5 d2 53.h6 Kf7 { ...1/2-1/2, Kramnik Vladimir
2809 - Topalov Veselin 2733 , Monaco 2001 It "Melody Amber" (active) } ) (
14.Ra3 Qe7 15.Nc4 Ba6 16.Bf4 Bxc4 17.Bxc4 a6 18.Qd2 Ne5 19.Be2 Qd7 20.Rfa1
Rab8 21.Bh6 Bh8 22.Nd1 f5 23.Nf2 Nf7 24.Bf4 Bd4 25.Be3 Bxe3 26.Rxe3 b5 27.axb5
Nxb5 28.Bxb5 Qxb5 29.b3 Qb4 30.Qc1 Qd4 31.Qe1 f4 32.Rd3 Qb2 33.Rb1 Qg7 34.Rdd1
Rb5 35.Ra1 Rxb3 36.Rxa6 Reb8 37.Ra7 Qc3 38.Qxc3 { 1/2-1/2, Eljanov Pavel 2629
- Oleksienko Mikhailo 2454 , Kharkov 24. 8.2004 Ch Ukraine } ) ( 14.Qc2 f5
15.Nc4 Ne5 16.Bf4 fxe4 17.fxe4 Qe7 18.Qd2 Nxc4 19.Bxc4 Be5 20.Nb5 Bxf4 21.Rxf4
Nxb5 22.axb5 Bd7 23.Qc3 Qg7 { 1-0, Eljanov Pavel 2571 - Efimenko Zahar 2590 ,
Moscow 2002 It (open) "Aeroflot" } ) ( 14.f4 Nf6 15.Bf3 Ba6 16.Re1 Qe7 17.Nb3
c4 18.Nd4 Nfxd5 19.Nxd5 Nxd5 20.Nc6 Qe6 21.e5 Nc7 22.Nd4 Qc8 23.Bxa8 dxe5
24.Nb5 Bxb5 25.axb5 Qxa8 26.Qd7 Qd8 27.Qc6 Re6 28.Qxc4 exf4 29.Bxf4 Rxe1+
30.Rxe1 Ne6 31.b3 h5 32.Bg3 Bd4 33.Qd3 Qd5 34.Re5 Qxe5 35.Bxe5 Bxe5 36.g3 Kg7
37.Kg2 Bd4 38.Qe4 Bf6 39.Qb7 Bd4 40.Qxa7 Kf6 41.Qd7 Be5 42.Qb7 Bc7 43.b4 Ke7
44.Kf3 Ke8 45.Ke4 Ke7 46.Kd5 Kd7 47.Qc6+ Ke7 48.Qc3 h4 49.Kc6 hxg3 50.hxg3 g5
51.Qd3 Bd8 52.Qd7+ Kf8 53.Qb7 Ke8 { ...1-0, Beliavsky Alexander G 2555 -
Rogulj Branko 2387 , Tallinn 1977 Match } ) 14...Nxb5 15.Bxb5 Rf8 16.Qe1 a6
17.Bc6 Rb8 18.Nc4 b5 19.axb5 axb5 20.Nxd6 Ne5 21.Nxc8 Qxc8 22.Bf4 Nxc6 23.dxc6
Rb6 24.c7 Bxb2 25.Ra5 Bd4 26.Qg3 Re8 27.Qg5 b4 28.Rxc5 Bxc5 { ?! } ( 28...h6 {
!? } 29.Qd5 Bxc5 30.Qxc5 Rb7 { } ) 29.Qxc5 Rb7 30.h3 b3 31.Qc3 { ?! } ( 31.Rc1
{ !? } 31...h6 32.Qd5 b2 33.Rb1 { } ) 31...Re7 { ?? } ( { ? } 31...Qd7 32.Rb1
Rc8 33.Qf6 Qe6 { } ) 32.Rd1 { ! } ( 32.Rb1 Rexc7 33.Bxc7 Rxc7 34.Qxb3 { } )
32...b2 33.Bh6 f6 34.Qc4+ Re6 35.Rd8+ Kf7 36.Rxc8 b1=Q+ 37.Kh2 { +156.50 CAP }
{#r} 1-0

[Event "It (open)"]
[Site "masterchessopen.com - Izmir (Turkey)"]
[Round "4"]
[White "Iskusnyh Sergei (RUS)"]
[Black "Marholev Dimitar (BUL)"]
[Result "1/2-1/2"]
[WhiteElo "2473"]
[BlackElo "2453"]

1.d4 Nf6 2.c4 c5 3.d5 e6 4.Nc3 exd5 5.cxd5 d6 6.Nf3 g6 7.Nd2 Bg7 8.e4 O-O
9.Be2 Re8 10.O-O Na6 11.Kh1 Nc7 12.a4 b6 13.f3 Rb8 14.Nc4 Ba6 15.Bg5 Qd7
16.Re1 Bxc4 17.Bxc4 a6 18.Bf1 h6 19.Be3 b5 20.axb5 axb5 21.Ra7 Qd8 22.Qc1 b4
23.Nb1 Re7 24.Bxh6 Bxh6 25.Qxh6 Ncxd5 26.Rxe7 Nxe7 27.Nd2 d5 28.exd5 Nf5
29.Qg5 Nxd5 30.Qxd8+ Rxd8 31.Nc4 Nd4 32.Kg1 Kg7 33.Kf2 f5 34.Ra1 Kf6 35.Ra6+
Ne6 36.g3 Nc7 {#d} 1/2-1/2

[Event "It (open)"]
[Site "masterchessopen.com - Queenstown (New Zealand)"]
[Date "2006.01.22"]
[Round "8"]
[White "Wallis Christopher (AUS)"]
[Black "Stojic Dusan (AUS)"]
[Result "0-1"]
[WhiteElo "2163"]
[BlackElo "2204"]

1.d4 c5 2.d5 Nf6 3.c4 d6 4.Nc3 g6 5.e4 Bg7 6.Nf3 O-O 7.Be2 e6 8.O-O exd5
9.cxd5 Re8 10.Nd2 Na6 11.Re1 Nc7 12.a4 Rb8 13.h3 a6 14.a5 b5 15.axb6 Rxb6
16.Nc4 Rb8 17.Bf3 Nb5 18.Bf4 Bf8 19.e5 Nd7 20.exd6 Rxe1+ 21.Qxe1 Nd4 22.Bd1
Bb7 23.Ba4 Bc8 24.Ne2 Nf5 25.Qd2 Nb6 26.Na5 Ra8 27.Nc6 Qf6 28.Be5 Qh4 29.Qa5
Nc4 30.Qc3 Nxe5 31.Nxe5 Bxd6 32.Ng4 Nd4 33.Nxd4 Bxg4 34.Nf3 Bxf3 35.Qxf3 Rb8
36.b3 Rb4 37.Re1 Rf4 38.Qe2 Rd4 39.Rd1 Qf4 40.g3 Qe5 41.Qf3 Qf5 42.Qe2 Qxd5
43.Rxd4 cxd4 44.Qd3 Bc5 45.Qc4 Qd6 46.Qd3 Kg7 47.Kf1 h5 48.h4 Qe6 49.Kg2 Qe1
50.Bc6 Qc3 51.Be4 f5 52.Qxc3 dxc3 53.Bc2 Kf6 54.Kf3 Ke5 55.Ke2 Kd4 56.Kf3 Bd6
57.Ke2 a5 58.Bd3 Be5 59.Bc2 Kc5 60.Kd3 Kb4 61.Bd1 Bc7 62.Kc2 Bb6 63.f3 Bf2
64.g4 fxg4 65.fxg4 hxg4 66.Bxg4 Bxh4 67.Be6 Be1 68.Kd3 g5 69.Kc2 Bd2 70.Bf5
Kc5 71.Kd3 Kd5 72.Ke2 Ke5 73.Bc2 Kf4 74.Kf2 g4 75.Kg2 g3 76.Bh7 Be1 77.Kf1 Ke3
{#R} 0-1

[Event "It (open)"]
[Site "masterchessopen.com - Umag (Croatia)"]
[Date "2006.04.09"]
[Round "2"]
[White "Bukal Vladimir Jr (CRO)"]
[Black "Zufic Miroslav (CRO)"]
[Result "1-0"]
[WhiteElo "2443"]
[BlackElo "2427"]

1.d4 Nf6 2.c4 c5 3.d5 e6 4.Nc3 exd5 5.cxd5 d6 6.Nf3 g6 7.e4 Bg7 8.Be2 O-O
9.Nd2 Re8 10.O-O Na6 11.Re1 Nc7 12.a4 Rb8 13.h3 a6 14.a5 Bd7 15.Nc4 Nb5 16.Bf3
Nxc3 17.bxc3 Bb5 18.Nb6 Nd7 19.Nxd7 Bxd7 20.Ra3 Qh4 21.Qd2 f5 22.Qg5 Qxg5
23.Bxg5 Bb5 24.Bf4 Be5 25.Bd2 fxe4 26.Bxe4 Kg7 27.g3 Re7 28.Bf3 Rf8 29.Bg4 Bc4
30.f4 Bf6 31.Be6 Rfe8 32.Raa1 h6 33.Rab1 Bb5 34.Kf2 Rc7 35.Re3 Bd8 36.Rf3 Rce7
37.g4 Rxe6 38.dxe6 Rxe6 39.c4 Bxc4 40.Rxb7+ Re7 41.Bc3+ Kf7 42.Rxe7+ Bxe7
43.f5 Bd5 44.fxg6+ Kxg6 45.Rf5 Be4 46.Rh5 Bg5 47.h4 Bf4 48.Ke2 d5 49.Bd2 Bxd2
50.Kxd2 Bf3 51.Ke3 Be4 52.Re5 Bg2 53.Re6+ Kg7 54.Rxa6 d4+ 55.Kd2 Bf3 56.g5
hxg5 57.hxg5 {#r} 1-0

[Event "It (open)"]
[Site "masterchessopen.com - Oviedo (Spain)"]
[Date "2006.07.01"]
[Round "1"]
[White "Lobo Jesus Rodriguez (ESP)"]
[Black "Lazcano Arguelles David (ESP)"]
[Result "1-0"]
[WhiteElo "2211"]
[BlackElo "2019"]

1.d4 Nf6 2.c4 c5 3.d5 e6 4.Nc3 exd5 5.cxd5 d6 6.e4 g6 7.Nf3 Bg7 8.Be2 O-O
9.O-O Re8 10.Nd2 Na6 11.a4 Nc7 12.Qc2 b6 13.Re1 Ba6 14.Bxa6 Nxa6 15.Nc4 Nc7
16.Bf4 Bf8 17.h3 Rb8 18.Qd2 Nh5 19.Bh2 f6 20.g4 Ng7 21.Qf4 g5 22.Qf3 Be7
23.Kh1 Rf8 24.Qg3 Nce8 25.Nb5 h5 26.Nxa7 h4 27.Qb3 Qc7 28.Nc6 Rb7 29.Re2 Rf7
30.Qc3 Qd7 31.a5 bxa5 32.Rxa5 Kh7 33.Ra8 Nc7 34.Ra5 Nge8 35.b3 Kg8 36.Rea2 Nb5
37.Qd3 Nec7 38.Rb2 Bf8 39.b4 cxb4 40.Rxb4 Qe8 41.Nd2 Rd7 42.Nf3 Bg7 43.Nfd4
Nxd5 44.Rbxb5 {#r} 1-0

[Event "It (open)"]
[Site "masterchessopen.com - Vienna (Austria)"]
[Date "2006.08.02"]
[Round "5"]
[White "Timoscenko Gennadij (SVK)"]
[Black "Lendwai Reinhard (AUT)"]
[Result "1/2-1/2"]
[WhiteElo "2495"]
[BlackElo "2429"]

1.d4 Nf6 2.c4 e6 3.Nf3 c5 4.d5 exd5 5.cxd5 d6 6.Nc3 g6 7.Nd2 Bg7 8.e4 O-O
9.Be2 Re8 10.O-O Na6 11.Re1 Nc7 12.a4 a6 13.f3 Rb8 14.Nc4 b5 15.Na5 Bd7 16.Bg5
h6 17.Bh4 g5 18.Bf2 Nh5 19.axb5 {#d} 1/2-1/2

[Event "Tournament (Elo)"]
[Site "masterchessopen.com - Natal (Brazil)"]
[Date "2006.08.20"]
[Round "10"]
[White "Azevedo Alcides Alexandre (BRA)"]
[Black "Silveira Filho Neri Da Silva (BRA)"]
[Result "1/2-1/2"]
[WhiteElo "2161"]
[BlackElo "2278"]

1.c4 c5 2.Nf3 Nf6 3.d4 e6 4.d5 exd5 5.cxd5 d6 6.Nc3 g6 7.e4 Bg7 8.Be2 O-O
9.O-O Re8 10.Nd2 Na6 11.Bxa6 bxa6 12.Re1 Ng4 13.h3 Ne5 14.Qc2 Qh4 15.Rf1 Bxh3
16.gxh3 Qxh3 17.f4 {#d} 1/2-1/2

[Event "Extraliga 2006/07"]
[Site "masterchessopen.com - Slovakia"]
[Date "2006.10.21"]
[Round "1"]
[White "Horvath Mario (SVK)"]
[Black "Biros Robert (SVK)"]
[Result "1-0"]
[WhiteElo "2320"]
[BlackElo "2160"]

1.d4 Nf6 2.c4 c5 3.d5 e6 4.Nc3 exd5 5.cxd5 d6 6.e4 g6 7.Be2 Bg7 8.Nf3 O-O
9.Nd2 Re8 10.O-O Na6 11.Bxa6 bxa6 12.Qc2 Rb8 13.f3 Nh5 14.Nc4 Rb4 15.Nd1 f5
16.Bd2 Bd4+ 17.Nf2 Rb7 18.Bc3 Bxc3 19.Qxc3 Rf7 20.Rfe1 Nf6 21.Rad1 fxe4
22.Nxe4 Nxe4 23.fxe4 Bg4 24.Rc1 Qf6 25.Qxf6 Rxf6 26.e5 dxe5 27.Nxe5 Bf5
28.Rxc5 Rd6 29.Kf2 Red8 30.Nc6 Rf8 31.Kg3 Rf7 32.Re5 Kg7 33.Nd4 Kf6 34.Re3
Rfd7 35.Nxf5 Kxf5 36.Ra5 g5 37.Rd3 h5 38.h4 gxh4+ 39.Kxh4 Rg7 40.Kh3 Ke4
41.Rg3 Rxg3+ 42.Kxg3 Rg6+ 43.Kh3 Kf4 44.b3 Rg3+ 45.Kh2 Rg6 46.Ra4+ Ke5 47.Kh3
Kf5 48.Rd4 Ke5 49.Rd1 Kd6 50.Rd4 Kc5 51.Rd2 Kd6 52.Kh4 Rh6 53.g3 Rh8 54.Rd4
Kc5 55.Ra4 Kb5 56.d6 Rd8 57.Kxh5 Rxd6 58.g4 Rd1 59.g5 Rh1+ 60.Rh4 Ra1 61.a4+
Kc6 62.g6 {#r} 1-0

[Event "It (open)"]
[Site "masterchessopen.com - Porec (Croatia)"]
[Date "2006.12.08"]
[Round "4"]
[White "Sutkovic Damir (BIH)"]
[Black "Zufic Miroslav (CRO)"]
[Result "0-1"]
[WhiteElo "2311"]
[BlackElo "2427"]

1.d4 Nf6 2.c4 c5 3.d5 e6 4.Nc3 exd5 5.cxd5 d6 6.e4 g6 7.Nf3 Bg7 8.Be2 O-O
9.O-O Re8 10.Nd2 Na6 11.Re1 Nc7 12.a4 Rb8 13.Qc2 a6 14.a5 Bd7 15.Nc4 Nb5
16.Nxb5 Bxb5 17.f3 Nh5 18.Be3 f5 19.Nd2 Qh4 20.Bxb5 axb5 21.Bf2 Qf6 22.Ra2 Re7
23.a6 bxa6 24.Rxa6 Qxb2 25.Qxb2 Bxb2 26.Rxd6 c4 27.Rc6 Ree8 28.d6 Nf6 29.Rb1
c3 30.Nb3 Rbc8 31.Rc7 fxe4 32.Bh4 Rxc7 33.dxc7 Kf7 34.fxe4 Rc8 35.Rf1 c2
36.Bxf6 Bxf6 37.e5 Rxc7 38.exf6 Rc3 39.Nc1 b4 40.Rf3 b3 41.Rxc3 b2 42.Rxc2
b1=Q 43.Rc7+ Kxf6 44.Rc6+ Ke5 45.Kf2 Qf5+ 46.Kg1 Qe4 47.Rc5+ Kd6 {#R} 0-1

[Event "Ch Slovakia (team) 2006/07 (2 liga) (a)"]
[Site "masterchessopen.com - Slovakia"]
[Date "2006.12.16"]
[Round "5"]
[White "Svana Peter (SVK)"]
[Black "Matejov Jaroslav (SVK)"]
[Result "0-1"]
[WhiteElo "2162"]
[BlackElo "2224"]

1.d4 Nf6 2.Nf3 g6 3.c4 Bg7 4.Nc3 c5 5.d5 d6 6.e4 O-O 7.Be2 e6 8.O-O exd5
9.cxd5 Re8 10.Nd2 Na6 11.a4 Nb4 12.f3 a6 13.Nc4 b6 14.Bf4 Bf8 15.h3 Rb8 16.Ne3
Nh5 17.Bh2 Qg5 18.f4 Qh4 19.Qe1 Qxe1 20.Raxe1 Nf6 21.e5 Nd7 22.Nc4 Nc2 23.Rc1
Nd4 24.Bf3 b5 25.axb5 axb5 26.Nxd6 Bxd6 27.exd6 Bb7 28.Rfe1 Nxf3+ 29.gxf3 b4
30.Rxe8+ Rxe8 31.Ne4 Rc8 32.f5 Bxd5 33.fxg6 hxg6 34.Nxc5 Rxc5 35.Re1 Be6
36.Re2 b3 37.h4 Kf8 38.Bg3 Ke8 39.Be1 Ne5 40.Kg2 Kd7 41.Bc3 Nd3 42.Rd2 Rxc3
43.bxc3 b2 {#R} 0-1

[Event "Ch Turkey (1/2 final)"]
[Site "masterchessopen.com - Antalya (Turkey)"]
[Date "2006.12.21"]
[Round "5"]
[White "Uygun Ali Murat (TUR)"]
[Black "Daler Neset (TUR)"]
[Result "0-1"]
[WhiteElo "1880"]
[BlackElo "2002"]

1.d4 Nf6 2.c4 c5 3.d5 e6 4.Nc3 exd5 5.cxd5 d6 6.Nf3 g6 7.e4 Bg7 8.Be2 O-O
9.O-O Re8 10.Nd2 Na6 11.Bf3 Nc7 12.a4 b6 13.Qc2 Ba6 14.Ne2 Ncxd5 15.exd5 Bxe2
16.Bxe2 Rxe2 17.Qc4 Re5 18.a5 Rxd5 19.Qa6 bxa5 20.Rxa5 Rf5 21.Nc4 Bf8 22.Rd1
Ne4 23.f3 Qh4 24.Be3 d5 25.fxe4 Qxe4 26.Ra3 dxc4 27.Rc3 Re8 28.Qa4 Bg7 29.Re1
Bd4 {#R} 0-1

[Event "Ch Ukraine (juniors) (under 14)"]
[Site "masterchessopen.com - Odessa (Ukraine)"]
[Date "2007.03.17"]
[Round "1"]
[White "Nyzhnyk Illya (UKR)"]
[Black "Zherebukh Yaroslav (UKR)"]
[Result "1/2-1/2"]
[WhiteElo "2377"]
[BlackElo "2450"]

1.d4 Nf6 2.c4 c5 3.d5 e6 4.Nc3 exd5 5.cxd5 d6 6.Nf3 g6 7.e4 Bg7 8.Nd2 O-O
9.Be2 Re8 10.O-O Na6 11.Re1 Nc7 12.f3 Nh5 13.g3 Bd4+ 14.Kg2 Qd7 15.g4 Nf4+
16.Kh1 b5 17.Nb3 Nxe2 18.Nxe2 Bg7 19.Na5 b4 20.Qc2 Ba6 21.Nc4 Bxc4 22.Qxc4 Qb5
23.Qc2 a5 24.Bf4 Ra6 25.Rab1 a4 26.a3 Rb8 27.Bd2 b3 28.Qd1 Qd3 29.Nc3 Nb5
30.Nxb5 Rxb5 31.Re3 Qc2 32.Bc3 Bxc3 33.Rxc3 Qf2 34.Qf1 Qxf1+ 35.Rxf1 Rb7 36.f4
Re7 37.Re1 f6 38.Kg2 Kf7 39.Kf3 Ke8 40.h4 Kd7 41.Rc4 Kc7 42.g5 fxg5 43.hxg5
Kb6 44.e5 Kb5 45.Rec1 Rc7 46.e6 Ra8 47.Ke3 Rf8 48.Re4 Re7 49.Rd1 {#d} 1/2-1/2

[Event "It \"]
[Site "masterchessopen.com - Differdange (Luxembourg)"]
[Date "2007.07.14"]
[Round "9"]
[White "Koneru Humpy (IND)"]
[Black "Siebrecht Sebastian (GER)"]
[Result "1-0"]
[WhiteElo "2606"]
[BlackElo "2481"]

{ Koneru Humpy (IND) +0 =0 -1 } 1.d4 Nf6 2.c4 e6 3.Nf3 c5 4.d5 exd5 5.cxd5 d6
6.Nc3 g6 7.Nd2 Bg7 8.e4 O-O 9.Be2 Re8 10.O-O Na6 11.Kh1 Nc7 12.a4 b6 13.f3 Nd7
14.Nc4 Ne5 15.Ne3 f5 ( 15...Rb8 16.Bd2 a6 17.Rb1 b5 18.axb5 Nxb5 19.Nxb5 axb5
20.b4 c4 21.Qc1 Ra8 22.Bc3 Qb6 23.Qd2 Ra3 24.Rbc1 Nd3 25.Bxg7 Kxg7 26.Rc3 Qd4
27.Rxd3 cxd3 28.Rd1 Ra1 29.Nc2 Rxd1+ 30.Qxd1 Qf2 31.Qxd3 Re5 32.Qe3 Qxe3
33.Nxe3 Bd7 34.Kg1 f5 35.Bd3 { ...0-1, Bukic Enver 2383 - Adorjan Andras 2475
, Vrnjacka Banja 1972 It } ) 16.f4 ( 16.exf5 gxf5 17.f4 Ng6 18.Bd3 Rf8 19.Bd2
Na6 20.Qb1 Qf6 21.Nb5 Qxb2 22.Qxb2 Bxb2 23.Rab1 Bd4 24.Nc2 Bg7 25.Nxd6 Nc7
26.Nxc8 Raxc8 27.d6 Rcd8 28.Bc4+ Kh8 29.dxc7 Rxd2 30.Ne3 Ne7 31.Rbd1 Rd4
32.Bb5 Rc8 33.Nc2 Rxc7 34.Nxd4 Bxd4 35.Bc4 Kg7 { ...1-0, Bagirov Vladimir 2520
- Sorokin B 1981 , Kirovabad 1973 Ch URS (1/2 final) } ) 16...Nf7 17.exf5 gxf5
18.Bd3 { ?/= } 18...Qf6 ( 18...Nh6 19.Ne2 Ba6 20.Ng3 Rxe3 21.Bxe3 Nxd5 22.Bxa6
Nxe3 23.Qb3+ { 1-0, Markus Robert 2579 - Moranda Wojciech 2451 , Warsaw 19.
6.2005 Ch Europe } ) 19.Qc2 ( 19.Rf3 Bd7 20.Bd2 Nh6 21.Qc2 Re7 22.Raf1 Rf8
23.Ncd1 Qf7 24.Rg3 Ne8 25.Nf2 Kh8 26.Nh3 Nf6 27.Ng5 Qg8 28.Bc3 Nxd5 29.Nxd5
Qxd5 30.Bc4 Qc6 31.Bb5 Qb7 32.Rh3 Kg8 33.Bxg7 Kxg7 34.Qc3+ Kg6 35.Rg3 Rg8
36.Ne4+ { 1-0, Hesse Peter 2305 - Espig Thomas 2273 , Erfurt 1973 Ch DDR } ) (
19.Ne2 Nh6 20.Ng3 Qg6 21.Qc2 Rf8 22.Bd2 Bd7 23.Rae1 Rae8 24.Be2 Re7 25.Bd3 Bd4
26.b4 Bxe3 27.Bxe3 Rfe8 28.bxc5 bxc5 29.Bd2 Rxe1 30.Rxe1 Rxe1+ 31.Bxe1 Nxd5
32.Bc4 Qe6 33.Bc3 Bc6 34.Qb3 Kf7 35.Qb8 Ng8 36.h3 Nge7 37.Qh8 Qh6 38.Ne2 Bxa4
{ ...0-1, Najdorf Miguel 2445 - Fischer Robert J 2780 , Habana 1966 Olympiad }
) 19...Nh6 20.Bd2 Bd7 21.Rf3 Re7 ( 21...Kh8 22.Raf1 Re7 23.Rh3 Qf7 24.Nc4 Qg6
25.Rg3 Ng4 26.h3 h5 27.Ne3 Nxe3 28.Rxg6 Nxc2 29.Bxc2 Ne8 30.Rg5 Nf6 31.Bxf5
Bxf5 32.Rxf5 Rae8 33.Kh2 Kh7 34.Kg3 a6 35.Kh4 Kg6 36.g4 hxg4 37.hxg4 b5
38.axb5 axb5 39.Rg5+ Kf7 40.Nxb5 Rh8+ 41.Rh5 { ...1/2-1/2, Kramnik Vladimir
2809 - Topalov Veselin 2733 , Monaco 2001 It "Melody Amber" (active) } )
22.Rg3 { +0.60 CAP } ( 22.Raf1 Rae8 23.Ncd1 Kh8 24.Bc3 Qf8 25.Rg3 Bf6 26.b3
Rg7 27.Qb2 Bxc3 28.Qxc3 Kg8 29.Rg5 Re7 30.Rf3 Rf7 31.Rfg3 Rxg5 32.Rxg5+ Rg7 {
1/2-1/2, Ogaard Leif 2435 - Bouaziz Slim 2365 , Nice 1974 Olympiad } )
22...Rae8 23.Nb5 { N } ( 23.Rf1 a6 24.Ncd1 b5 25.Bc3 Qf8 26.b3 Bc8 27.Rg5 Kh8
28.Bxf5 Nxd5 29.Nxd5 Bxf5 30.Qb2 b4 31.Bxg7+ Rxg7 32.Nf6 Re6 33.Nh5 Bg6
34.Nxg7 Qxg7 35.Qd2 Nf5 36.Qd5 Qf6 37.Qa8+ Re8 38.Qxa6 h6 39.Rxg6 Qxg6 40.Qb7
Qg4 41.Rg1 Rg8 42.Qe4 Nd4 { ...1/2-1/2, Popov Luben 2460 - Cosulich Roberto
2380 , Reggio Emilia 1971 It } ) 23...Nxb5 24.axb5 Ng4 25.Nxg4 fxg4 26.Bxh7+
Kh8 27.Bg6 Rf8 28.Bd3 Qd4 29.Rf1 Qxd5 30.f5 Ref7 { ? } ( 30...c4 31.Bxc4 Rxf5
32.Bf4 Qe4 33.Qc1 Rc5 34.b3 Rf7 { } ) 31.Rxg4 Bxf5 32.Rh4+ Kg8 33.Bc4 Be4
34.Bxd5 { } {#r} 1-0

[Event "It \"]
[Site "masterchessopen.com - Ilyichevsk (Ukraine)"]
[Date "2007.07.20"]
[Round "1"]
[White "Zazuliak Andriy (UKR)"]
[Black "Kornienko Sergey (RUS)"]
[Result "1-0"]
[WhiteElo "2148"]
[BlackElo "2237"]

1.d4 c5 2.d5 d6 3.c4 Nf6 4.Nc3 g6 5.e4 Bg7 6.Be2 O-O 7.Nf3 e6 8.O-O exd5
9.cxd5 Re8 10.Nd2 Na6 11.Re1 Nc7 12.Bf1 a6 13.a4 b6 14.Nc4 Rb8 15.Bf4 Bf8
16.e5 dxe5 17.Rxe5 Rxe5 18.Bxe5 Rb7 19.Qf3 Bg7 20.Nd6 Rb8 21.Nxc8 Rxc8 22.d6
Ne6 23.Bxa6 Ra8 24.Bc4 Ng5 25.Qf4 Nh5 26.Qe3 Bxe5 27.Qxe5 Qf6 28.Re1 Qf4
29.Qxf4 Nxf4 30.h4 Nge6 31.g3 Nh5 32.Bxe6 fxe6 33.Rxe6 Ng7 34.Re7 Nf5 35.Rd7
h5 36.Kg2 Rb8 37.Nd5 Kf8 38.Rh7 {#r} 1-0

[Event "Tournament (qual)"]
[Site "masterchessopen.com - Cali (Colombia)"]
[Date "2008.05.03"]
[Round "5"]
[White "Suarez Luis Humberto (COL)"]
[Black "Vacca Leonardo (COL)"]
[Result "0-1"]
[WhiteElo "2111"]
[BlackElo "1958"]

1.d4 c5 2.d5 Nf6 3.c4 e6 4.Nc3 exd5 5.cxd5 d6 6.Nf3 g6 7.e4 Bg7 8.Be2 O-O
9.O-O Re8 10.Nd2 Na6 11.Re1 Nc7 12.a4 Rb8 13.Qc2 b6 14.h3 Ba6 15.Nb5 Bxb5
16.axb5 Rb7 17.Kf1 Qd7 18.Qa4 Nh5 19.Ra3 Nf4 20.Bc4 h6 21.Nf3 Nh5 22.e5 dxe5
23.d6 Qxd6 24.Rd3 Qf8 25.Rd7 Re7 26.Red1 Nf6 27.R7d6 Nce8 28.Rd8 Kh7 29.Nh4
Rbd7 30.R8xd7 Rxd7 31.Rxd7 Nxd7 32.Qxa7 Qd6 33.Qa4 Qe7 34.Bd5 Nef6 35.Bc6 Qd6
36.Nf3 Qd3+ 37.Ke1 e4 38.Nd2 e3 39.Nf3 exf2+ 40.Kxf2 c4 41.Be3 Nd5 42.Bxd5
Qxd5 43.Qb4 Qe6 44.Qa3 Bf8 45.Qc3 Nc5 46.Nd2 Nd3+ 47.Kf3 Qd5+ {#R} 0-1